|
|
|
|
| LEADER |
00000cam a2200000 a 4500 |
| 001 |
UCD6807 |
| 003 |
CL-VaPUC |
| 008 |
170119e20140000ag |||||||||||||||||spa|d |
| 020 |
|
|
|a 9871609697
|
| 082 |
0 |
4 |
|a 004.65
|b CAY
|2 21
|
| 100 |
0 |
|
|a Cayssials, Ricardo
|e author
|9 590632
|
| 245 |
1 |
0 |
|a Sistemas embebidos en FPGA
|
| 250 |
|
|
|a 1a. ed
|
| 300 |
|
|
|a 322 p
|
| 942 |
|
|
|c BK
|
| 945 |
|
|
|d 20170119 14:29:00
|a arojas
|
| 260 |
|
|
|a Buenos Aires
|b Alfaomega
|c 2014
|
| 650 |
|
7 |
|a SISTEMAS EMBEBIDOS
|2 CL-VaPUC
|9 590006
|
| 650 |
|
7 |
|a MICROCONTROLADORES
|2 CL-VaPUC
|9 356861
|
| 650 |
|
0 |
|a Dispositivos electrónicos
|9 355274
|
| 650 |
|
7 |
|a RED DE COMPUTADORES
|2 CL-VaPUC
|9 328164
|
| 650 |
|
0 |
|a Sistemas de comunicación
|9 260934
|
| 583 |
|
|
|a last modification
|c 20170119 14:29:00
|k Rodrigo Vera
|
| 999 |
|
|
|c 366987
|d 366985
|
| 952 |
|
|
|0 0
|1 0
|3 erb
|4 0
|6 004_650000000000000_CAY_2014
|7 0
|8 A
|9 481663
|a BIBING
|b BIBING
|i 536115K
|o 004.65 CAY 2014
|p 536115K
|r 2024-01-25
|w 2019-11-24
|y BK
|z Catalogado en:20170119
|k EIE
|